000 00562nam a2200193Ia 4500
005 20250508150645.0
008 008 250505s9999 xx 000 0 eng d
037 _aTextual
040 _aFEDL
_beng
_cFEDL
041 _aeng
_2eng
084 _a157.9, WAT
_qFEDL
100 _aWatson Robert I. Ed.
245 0 _aReadings in the clinical method in psychology
260 _aNew York, USA
_bHarper and Brothers Publishers
_c1949
300 _axi,740p
650 _aAbnormal psychology
942 _cTEXL
_h157.9, WAT
999 _c1324853
_d1324853